Morirò Da Re - Måneskin - Testo Completo - Statistics

Statistiche generali
  • Questo quiz è stato fatto 149 volte
  • Il punteggio medio è 313 su 401
Statistiche sulle risposte
Risposta % Corretto
a
99%
da
99%
morirò
99%
re
99%
re-eh
99%
Io
95%
io
95%
te
94%
E
93%
è
93%
e
93%
accanto
91%
la
89%
Baby
86%
baby
86%
le
84%
amore
83%
Amore
83%
tu
82%
Tu
82%
Ehi
80%
Sì,
80%
yeah
80%
il
79%
no
78%
con
76%
Oh
76%
prendi
76%
Prendi
76%
al
75%
che
75%
fa
75%
tutto
73%
una
73%
mia
72%
in
71%
mano
69%
bella
67%
quello
67%
nera
66%
allora
65%
Allora
65%
Marlena,
65%
per
65%
señorita
65%
sera
65%
dai,
64%
Ed
64%
ed
64%
non
64%
Non
64%
quando
63%
leggera
62%
mondo
62%
questo
62%
Spogliati
62%
matita
61%
viaggia
61%
notte
60%
quanto
60%
questa
60%
comodo
59%
sincera
59%
anche
58%
dal
58%
vinci
58%
vela
57%
bellezza
55%
mio
55%
Apri
54%
grigia
54%
puoi
54%
valigia
54%
mostra
53%
stanco
53%
calze
52%
popolo
52%
sopra
52%
tacco
52%
troppo
52%
dita
51%
male
51%
Metti
51%
prepara
51%
sarò
51%
rete
50%
salita
50%
pianto
49%
tutta
49%
Come
48%
Disegniamo
48%
dall'alto
47%
solo
47%
asciuga
46%
Bevi
46%
bevi
46%
piedi
46%
starò
46%
piatto
45%
ad
44%
Resteremo
44%
sarà
44%
facile,
43%
adesso
42%
appesi
42%
cadere
42%
prender
42%
treno
42%
branco
41%
avanzerò
39%
fuoco
39%
indietro,
39%
Splendiamo
39%
voglio
39%
parto
38%
affrontare
37%
ciò
37%
Pronta
37%
tornare
35%
esser
34%
pronto
33%
spetta
9%
Nessun quiz corrispondente trovato
Distribuzione punteggi
Percentuale di utenti per punteggio
Percentile per numero di risposta
I tuoi punteggi nel tempo
Non hai fatto questo quiz